শোভনের একাত্তর / (Record no. 250017)
[ view plain ]
| 000 -LEADER | |
|---|---|
| fixed length control field | 00684nam a22001817a 4500 |
| 003 - CONTROL NUMBER IDENTIFIER | |
| control field | BD-DhUL |
| 005 - DATE AND TIME OF LATEST TRANSACTION | |
| control field | 20190926150058.0 |
| 008 - FIXED-LENGTH DATA ELEMENTS--GENERAL INFORMATION | |
| fixed length control field | 190926b0000 bg |||| |||| 000 0 eng d |
| 040 ## - CATALOGING SOURCE | |
| Original cataloging agency | BD-DhUL |
| Transcribing agency | BD-DhUL |
| 082 ## - DEWEY DECIMAL CLASSIFICATION NUMBER | |
| Classification number | 891.443 |
| Item number | CHS |
| 100 1# - MAIN ENTRY--PERSONAL NAME | |
| Personal name | চৌধুরী, কাইজার। |
| 245 1# - TITLE STATEMENT | |
| Title | শোভনের একাত্তর / |
| Statement of responsibility, etc. | কাইজার চৌধুরী। |
| Medium | [ব্রেইল বই = Braille book ] |
| 260 ## - PUBLICATION, DISTRIBUTION, ETC. (IMPRINT) | |
| Place of publication, distribution, etc. | ঢাকা : |
| Name of publisher, distributor, etc. | স্পর্শ ব্রেইল, |
| Date of publication, distribution, etc. | [১৯৯২]। |
| 300 ## - PHYSICAL DESCRIPTION | |
| Extent | ৯৭ পৃ. ; |
| Dimensions | ২৯ সেমি. |
| 650 #4 - SUBJECT ADDED ENTRY--TOPICAL TERM | |
| Topical term or geographic name as entry element | বাংলা উপন্যাস |
| 650 #4 - SUBJECT ADDED ENTRY--TOPICAL TERM | |
| Topical term or geographic name as entry element | Bengali fiction |
| 942 ## - ADDED ENTRY ELEMENTS (KOHA) | |
| Source of classification or shelving scheme | |
| Koha item type | Books |
| Price effective from | Source of acquisition | Date last seen | Permanent Location | Not for loan | Date acquired | Source of classification or shelving scheme | Koha item type | Collection code | Barcode | Lost status | Damaged status | Withdrawn status | Current Location | Full call number |
|---|---|---|---|---|---|---|---|---|---|---|---|---|---|---|
| 2019-09-26 | Gift | 2019-09-26 | Dhaka University Library | 2019-09-17 | Books | Fiction | 509389 | Dhaka University Library | 891.443 CHS |
